| 000 | 00466nam a2200169 i 4500 | ||
|---|---|---|---|
| 001 | 147035 | ||
| 003 | ES-MaACL | ||
| 007 | t| | ||
| 008 | 070920s1948 sp ||||1| spa d | ||
| 080 | _a778.55 | ||
| 100 | 1 |
_aDarkness, R. J. _942731 |
|
| 245 | 1 | 0 |
_aManual del operador cinematográfico / _cR.J. de Darkness [seud.]. |
| 250 | _a1ª ed. | ||
| 260 |
_aBarcelona : _bBruguera, _c1948. |
||
| 300 |
_a221 p. : _bil. ; _c20 cm. |
||
| 852 |
_aES-MaACL _jE-504 _bR.26334 |
||
| 999 |
_c147035 _d147035 |
||